[Event "NOR-chB"]
[Site "Oslo"]
[Date "2023.07.02"]
[Round "2"]
[White "Kierulf, Villum Brevick"]
[Black "Bjorkan, Olav"]
[Result "1-0"]
[WhiteElo "1818"]
[BlackElo "1635"]
[PlyCount "101"]
[EventDate "2023.06.30"]
[EventType "swiss"]
[EventRounds "9"]
[EventCountry "NOR"]
[SourceTitle "EXT 2024"]
[Source "ChessBase"]
[SourceDate "2023.10.10"]
[SourceVersion "1"]
[SourceVersionDate "2023.10.10"]
[SourceQuality "1"]

1. c4 e5 2. Nc3 Nf6 3. Nf3 Nc6 4. g3 Be7 5. Bg2 d6 6. 0-0 0-0 7. Rb1 Bf5 8. d3 Qd7 9. b4 Bh3 10. b5 Nd8 11. e4 Bxg2 12. Kxg2 Ne6 13. h3 c5 14. Be3 Bd8 15. Nd5 Nxd5 16. exd5 Nd4 17. Bxd4 exd4 18. Nd2 f5 19. Rb2 Ba5 20. Nf3 h6 21. Kh2 Qf7 22. Nh4 Rae8 23. Ng2 Kh8 24. Nf4 g5 25. Ne6 Rg8 26. f4 g4 27. Rh1 gxh3 28. Kxh3 Qg6 29. Qf3 Qg4+ 30. Kg2 Qxf3+ 31. Kxf3 Kh7 32. Rh5 Kg6 33. Rbh2 Rh8 34. g4 fxg4+ 35. Kxg4 Reg8 36. Kf3 Bd8 37. Ke4 Bf6 38. f5+ Kf7 39. Rxh6 Rxh6 40. Rxh6 Rg3 41. Rh7+ Kg8 42. Rxb7 Re3+ 43. Kf4 Be5+ 44. Kg5 Rxd3 45. Kg6 Rg3+ 46. Ng5 Kf8 47. f6 Rxg5+ 48. Kxg5 d3 49. Kg6 Bxf6 50. Kxf6 Kg8 51. Rg7+ 1-0

[Event "NOR-chT Clubs"]
[Site "Drammen"]
[Date "2022.05.26"]
[Round "4"]
[White "Andersen, Gunnar"]
[Black "Kierulf, Villum Brevick"]
[Result "1/2-1/2"]
[WhiteElo "1694"]
[BlackElo "1558"]
[PlyCount "45"]
[EventDate "2022.05.26"]
[EventType "team-swiss"]
[EventRounds "6"]
[EventCountry "NOR"]
[SourceTitle "EXT 2024"]
[Source "ChessBase"]
[SourceDate "2023.10.10"]
[SourceVersion "1"]
[SourceVersionDate "2023.10.10"]
[SourceQuality "1"]
[WhiteTeam "Kristiansand"]
[BlackTeam "Konnerud Tempo"]
[WhiteTeamCountry "NOR"]
[BlackTeamCountry "NOR"]

1. e4 c5 2. Nf3 g6 3. c3 d5 4. Be2 dxe4 5. Qa4+ Nc6 6. Qxe4 Nf6 7. Qa4 Bd7 8. 0-0 Bg7 9. Qd1 0-0 10. d4 cxd4 11. Nxd4 Nxd4 12. Qxd4 Bc6 13. Qh4 Qb6 14. Nd2 Rfd8 15. Nc4 Qc5 16. Be3 Qd5 17. Bf3 Qe6 18. Bxc6 Qxc6 19. f3 Rd5 20. Rfd1 Rh5 21. Qf4 Rf5 22. Qd4 Rd5 23. Qh4 1/2-1/2

[Event "NOR-chT Clubs"]
[Site "Drammen"]
[Date "2022.05.26"]
[Round "3"]
[White "Zachariassen, Bjarne"]
[Black "Kierulf, Villum Brevick"]
[Result "1-0"]
[WhiteElo "1939"]
[BlackElo "1558"]
[PlyCount "67"]
[EventDate "2022.05.26"]
[EventType "team-swiss"]
[EventRounds "6"]
[EventCountry "NOR"]
[SourceTitle "EXT 2024"]
[Source "ChessBase"]
[SourceDate "2023.10.10"]
[SourceVersion "1"]
[SourceVersionDate "2023.10.10"]
[SourceQuality "1"]
[WhiteTeam "SOSS"]
[BlackTeam "Konnerud Tempo"]
[WhiteTeamCountry "NOR"]
[BlackTeamCountry "NOR"]

1. e4 c5 2. Nf3 g6 3. c3 d5 4. exd5 Qxd5 5. d4 Nc6 6. Na3 Bg4 7. Be2 cxd4 8. Nb5 0-0-0 9. Nbxd4 Nxd4 10. cxd4 Bxf3 11. Bxf3 Qxd4 12. Qb3 Qe5+ 13. Be3 Qa5+ 14. Kf1 Qa6+ 15. Be2 Qa5 16. Rc1+ Kb8 17. Rc5 Qb6 18. Rb5 Qc7 19. Bf3 b6 20. Ke2 e5 21. Rc1 Qd6 22. Rc6 Qd1+ 23. Qxd1 Rxd1 24. Kxd1 Ne7 25. Rf6 Nf5 26. Rxf7 Nd6 27. Rxf8+ Rxf8 28. Rxe5 Nc4 29. Re7 Nxb2+ 30. Kc2 Nc4 31. Rb7+ Kc8 32. Rxa7 Rf6 33. Rxh7 b5 34. Kc3 1-0

[Event "Drammen Konnerud Autumn-B"]
[Site "Drammen"]
[Date "2020.08.19"]
[Round "1"]
[White "Kierulf, Villum Brevick"]
[Black "Ruud, Steffen"]
[Result "1-0"]
[WhiteElo "1471"]
[BlackElo "1456"]
[PlyCount "53"]
[EventDate "2020.08.19"]
[EventType "tourn"]
[EventRounds "9"]
[EventCountry "NOR"]
[SourceTitle "EXT 2024"]
[Source "ChessBase"]
[SourceDate "2023.10.10"]
[SourceVersion "1"]
[SourceVersionDate "2023.10.10"]
[SourceQuality "1"]

1. d4 d5 2. Nf3 Nc6 3. e3 Nf6 4. Bd3 Bg4 5. Nbd2 e5 6. dxe5 Nxe5 7. b3 Bb4 8. a3 Bxd2+ 9. Bxd2 Bxf3 10. gxf3 0-0 11. Bc3 Re8 12. Bxe5 Rxe5 13. f4 Re6 14. Qd2 d4 15. 0-0-0 dxe3 16. fxe3 Qe7 17. Qg2 Qxa3+ 18. Kd2 Qb4+ 19. Kc1 Rxe3 20. Rhg1 g6 21. f5 Qf4 22. Kb1 Ne4 23. fxg6 hxg6 24. Bc4 Nc3+ 25. Ka1 Nxd1 26. Qxg6+ Kh8 27. Qg7# 1-0

[Event "Oslo OSS-ch Junior-B"]
[Site "Oslo"]
[Date "2020.06.24"]
[Round "5"]
[White "Kierulf, Villum Brevick"]
[Black "Selvik, Elma"]
[Result "0-1"]
[WhiteElo "1490"]
[BlackElo "1362"]
[PlyCount "92"]
[EventDate "2020.06.24"]
[EventType "swiss"]
[EventRounds "5"]
[EventCountry "NOR"]
[SourceTitle "EXT 2024"]
[Source "ChessBase"]
[SourceDate "2023.10.10"]
[SourceVersion "1"]
[SourceVersionDate "2023.10.10"]
[SourceQuality "1"]

1. d4 d5 2. Nf3 c6 3. e3 Nf6 4. Bd3 e6 5. b3 Nbd7 6. 0-0 Bd6 7. Bb2 0-0 8. Nbd2 Qc7 9. c4 Re8 10. c5 Be7 11. b4 Nf8 12. Ne5 Ng6 13. f4 Bd7 14. g4 Red8 15. g5 Nxe5 16. dxe5 Ne4 17. Nxe4 dxe4 18. Bxe4 g6 19. Rf3 Kg7 20. Rh3 Rh8 21. Qe1 h5 22. gxh6+ Rxh6 23. Rxh6 Kxh6 24. Kh1 Rh8 25. Qg3 Kh7 26. Rg1 Be8 27. f5 exf5 28. Bxf5 Kg8 29. Qg2 Rh5 30. e6 Rxf5 31. Qh3 Bf6 32. Qxf5 Bxb2 33. exf7+ Bxf7 34. Qg5 Bd5+ 35. Rg2 Bxg2+ 36. Kxg2 Bc3 37. Qg4 Kg7 38. a3 Qd8 39. e4 Qd2+ 40. Kg1 Bd4+ 41. Kh1 Qe1+ 42. Kg2 Qg1+ 43. Kf3 Qxg4+ 44. Kxg4 Kf6 45. a4 a6 46. h3 Bc3 0-1

[Event "Konnerud NGP"]
[Site "Konnerud"]
[Date "2019.11.24"]
[Round "3"]
[White "Kierulf, Villum Brevick"]
[Black "Sateren, Erlend"]
[Result "1-0"]
[WhiteElo "1373"]
[BlackElo "1447"]
[PlyCount "43"]
[EventDate "2019.11.23"]
[EventType "swiss"]
[EventRounds "5"]
[EventCountry "NOR"]
[SourceTitle "EXT 2024"]
[Source "ChessBase"]
[SourceDate "2023.10.10"]
[SourceVersion "1"]
[SourceVersionDate "2023.10.10"]
[SourceQuality "1"]

1. Nf3 c5 2. e3 Nc6 3. d4 e6 4. Bd3 d5 5. b3 Nf6 6. 0-0 Bd6 7. Bb2 a6 8. c4 0-0 9. Nbd2 Re8 10. Rc1 dxc4 11. Nxc4 Bf8 12. a3 b5 13. Ncd2 e5 14. Qc2 Bb7 15. dxe5 Nd7 16. Bxh7+ Kh8 17. Qf5 Re6 18. Ng5 Ncxe5 19. Nxe6 fxe6 20. Qh3 Rb8 21. Bg6+ Kg8 22. Qh7# 1-0

[Event "NOR-chT Club"]
[Site "Drammen"]
[Date "2019.05.30"]
[Round "6"]
[White "Kierulf, Villum Brevick"]
[Black "Moller, Sveinung"]
[Result "0-1"]
[WhiteElo "1400"]
[BlackElo "1485"]
[PlyCount "76"]
[EventDate "2019.05.30"]
[EventType "team-swiss"]
[EventRounds "6"]
[EventCountry "NOR"]
[SourceTitle "CBM 190 Extra"]
[Source "ChessBase"]
[SourceDate "2019.07.15"]
[SourceVersion "1"]
[SourceVersionDate "2019.07.15"]
[SourceQuality "1"]
[WhiteTeam "Konnerud"]
[BlackTeam "Kristiansand"]
[WhiteTeamCountry "NOR"]
[BlackTeamCountry "NOR"]

1. d4 d5 2. c4 c6 3. Nc3 Nf6 4. Nf3 Bf5 5. Bf4 e6 6. e3 Bd6 7. Bxd6 Qxd6 8. c5 Qc7 9. Bd3 Bg4 10. Qd2 Nbd7 11. 0-0-0 b6 12. cxb6 axb6 13. Kb1 0-0 14. Rc1 c5 15. Nb5 Qb8 16. h3 Bh5 17. g4 Bg6 18. Nh4 Bxd3+ 19. Qxd3 Ne4 20. Nc3 Nxf2 21. Qc2 Nxh1 22. Rxh1 c4 23. Nf3 b5 24. a3 b4 25. axb4 Qxb4 26. h4 Rfb8 27. Ng5 Nf6 28. Rf1 Qa5 29. Kc1 h6 30. Nxe6 Qa1+ 31. Nb1 Ne4 32. Nc7 Ra2 33. Nxd5 Raxb2 34. Qxe4 Rxb1+ 35. Kd2 Rxf1 36. Ne7+ Kf8 37. Qc6 Qc1+ 38. Ke2 Qd1# 0-1